00000000nam 2200000za 4500
0019.852921
003CaOODSP
00520221107154712
007cr |||||||||||
008180306s1975    onc    #o    f000 0 eng d
040 |aCaOODSP|beng
043 |an-cn---
0861 |aR32-462/1975E-PDF
24500|aAmmunition and twine entitlement |h[electronic resource] : |bCanoe Lake Reserve # 165.
24614|aAmmunition and twine entitlement : |bCanoe Lake Reserve No. 165
260 |aOttawa : |bTreaties and Historical Research Centre, |c1975.
300 |a1 v. (various pagings)
500 |a"July 1975."
500 |aDigitized edition from print [produced by Indigenous and Northern Affairs Canada].
520 |a"Under the terms of Treaty #10, the Canoe Lake Band was to receive "... such a distribution of twine and ammunition to them annually as is usually made to Indians similarly situated""--p. 2.
69207|2gccst|aIndians
69207|2gccst|aAgreements
69207|2gccst|aWeapons
7102 |aTreaties and Historical Research Centre (Canada)
7101 |aCanada. |bIndian and Northern Affairs Canada.
85640|qPDF|s11.07 MB|uhttps://publications.gc.ca/collections/collection_2018/aanc-inac/R32-462-1975-eng.pdf